000 00534cam a2200217 a 4500
001 4698047
005 20180220043722.0
008 820422s1982 ilua b 001 0 eng
010 _a 82040322
020 _a0226319520
040 _aDLC
_cDLC
_dDLC
041 _aeng
080 _a335.4
082 0 0 _a335.4 HAR
_219
100 1 _a52
101 _aEKO
245 1 4 _aThe limits to capital /
_cDavid Harvey.
504 _aBibliography: p. [452]-465.
906 _a7
_bcbc
_corignew
_d1
_eocip
_f19
_gy-gencatlg
942 _2ddc
_cBK
999 _c42901
_d42901